|
|
|
|
| LEADER |
01853nam a2200421 i 4500 |
| 001 |
EBC5787162 |
| 003 |
MiAaPQ |
| 005 |
20200520144314.0 |
| 006 |
m o d | |
| 007 |
cr cnu|||||||| |
| 008 |
190625s2019 gw o 000 0 ger d |
| 020 |
|
|
|z 9783110567298
|
| 020 |
|
|
|a 9783110570083 (e-book)
|
| 035 |
|
|
|a (MiAaPQ)EBC5787162
|
| 035 |
|
|
|a (Au-PeEL)EBL5787162
|
| 035 |
|
|
|a (OCoLC)1104718326
|
| 040 |
|
|
|a MiAaPQ
|b eng
|e rda
|e pn
|c MiAaPQ
|d MiAaPQ
|
| 043 |
|
|
|a e-gx---
|
| 050 |
|
4 |
|a DS135.G332
|b .J834 2019
|
| 082 |
0 |
|
|a 943.004924
|2 23
|
| 245 |
0 |
0 |
|a Juden und Nichtjuden nach der Shoah :
|b Begegnungen in Deutschland /
|c Herausgegeben von Stefanie Fischer, Nathanael Riemer und Stefanie Schueler-Springorum.
|
| 264 |
|
1 |
|a Berlin ;
|a Boston :
|b De Gruyter Oldenbourg,
|c [2019]
|
| 264 |
|
4 |
|c 2019
|
| 300 |
|
|
|a 1 online resource (234 pages).
|
| 336 |
|
|
|a text
|b txt
|2 rdacontent
|
| 337 |
|
|
|a computer
|b c
|2 rdamedia
|
| 338 |
|
|
|a online resource
|b cr
|2 rdacarrier
|
| 490 |
0 |
|
|a Europaeisch-Juedische Studien - Beitraege ;
|v 42
|
| 588 |
|
|
|a Description based on print version record.
|
| 590 |
|
|
|a Electronic reproduction. Ann Arbor, MI : ProQuest, 2018. Available via World Wide Web. Access may be limited to ProQuest affiliated libraries.
|
| 650 |
|
0 |
|a Jews
|z Germany
|x History
|y 1945-1990.
|
| 655 |
|
4 |
|a Electronic books.
|
| 700 |
1 |
|
|a Fischer, Stefanie,
|e editor.
|
| 700 |
1 |
|
|a Riemer, Nathanael,
|e editor.
|
| 700 |
1 |
|
|a Schueler-Springorum, Stefanie ,
|e editor.
|
| 776 |
0 |
8 |
|i Print version:
|t Juden und Nichtjuden nach der Shoah : Begegnungen in Deutschland.
|d Berlin ; Boston : De Gruyter Oldenbourg, c2019
|h 234 pages
|k Europaeisch-Juedische Studien - Beitraege ; 42
|z 9783110567298
|w (DLC) 2019931222
|
| 797 |
2 |
|
|a ProQuest (Firm)
|
| 856 |
4 |
0 |
|u https://ebookcentral.proquest.com/lib/matrademy/detail.action?docID=5787162
|z Click to View
|